000 00828nam a2200205 i 4500
001 62093
003 ES-MaACL
005 20250903024554.0
007 t|
008 031118s1943 sp ||||1| spa d
100 1 _aFantappié, Luigi.
_948812
245 1 0 _aTeoría de las funciones analíticas y sus aplicaciones
_b: curso de conferencias /
_cpor L. Fantappié ; recopiladas por R. Rodríguez Vidal.
260 _aBarcelona :
_bCasa Provincial de Caridad,
_c1943 (
_fImprenta Escuela)
300 _a174 p. ;
_c24 cm.
500 _aPrecede al tít.: Consejo Superior de Investigaciones Científicas. Seminario Matemático de Barcelona.
700 1 _aRodríguez Vidal, Rafael.
_998857
710 2 _aUniversidad de Barcelona.
_bSeminario Matemático
_96564
852 _aES-MaACL
_jC-4204
_bR.23884
999 _c62093
_d62093